LEADER 01535nam0 22003253i 450 001 MIL0081801 005 20231121125532.0 020 $aIT$b7213541 100 $a20060323d1972 ||||0itac50 ba 101 | $aita 102 $ait 181 1$6z01$ai $bxxxe 182 1$6z01$an 200 1 $a˜Le œnuove leggi di giustizia amministrativa$ecommento sistematico alla Legge 6 dicembre 1971, n. 1034 ed al D.P.R. 24 novembre 1971, n. 1199$fOnorato Sepe, Giorgio Pes 210 $aMilano$cA. Giuffrè$d1972 215 $a628 p.$d23 cm 225 | $aTeoria e pratica del diritto$i. Sezione 4, Diritto amministrativo$v5 300 $aIn allegato: DPR 21 aprile 1973 n. 214 Regolamento di escuzione delle Legge 6 dicembre 1971 n. 1034 istitutiva dei Tribunali amministrativi regionali. 410 0$1001CFI0011479$12001 $aTeoria e pratica del diritto$i. Sezione 4, Diritto amministrativo$v5 700 1$aSepe$b, Onorato$3CFIV037818$0231769 702 1$aPes$b, Giorgio$3SBLV213191 801 3$aIT$bIT-01$c20060323 850 $aIT-RM0460 $aIT-FR0098 899 $aBiblioteca Dell' Archivio Centrale Dello Stato$bRM0460 899 $aBiblioteca Area Giuridico Economica$bFR0098 $eN 912 $aMIL0081801 950 0$aBiblioteca Area Giuridico Economica$d 53DONCAT FONDO CATALDI 194$e 53ATE0000242115 VMH A4 $fA $h20180524$i20180524 977 $a 27$a 53 996 $aNuove leggi di giustizia amministrativa$93551308 997 $aUNICAS